Представление документа в формате RUSMARC

ПолеНазваниеЗначение
  Тип записи c
  Библиографический уровень m
001 Контрольный номер RU/УОНБ/EK_N/358530236
005 Дата корректировки 20251210114754.3
010 Индекс ISBN __
9 Тираж 9700 экз.
013 Номер (ISMN) __
d Цена 85 к.
071 Издательские номер (звукозапись и ноты) 21
a Номер, присвоенный агентством 6075
100 Данные общей обработки __
a Данные общей обработки 20141113g1982 u y0rusy0189||||ca
101 Язык документа 0_
a Язык текста rus
f Язык титульного листа rus
102 Страна публикации __
a Страна публикации RU
105 Кодированные данные (монография) __
a Кодированные данные (монография) y###||||000|y
125 Кодированные данные звукозаписи и нотных изданий __
a Форма изложения нотного текста с|
128 Кодированные данные (звукозаписи-физические характеристики) __
a Кодированные данные: Музыкальная форма и тональность или лад zz
c Инструменты или голоса, рекомендуемые для солистов (устаревшее) kt||
200 Заглавие и сведения об ответственности 1_
a Заглавие Вып. 13
f Первые сведения об ответственности сост. и исполн. ред В. Бухвостова
210 Выходные данные 1_
d Дата издания 1982
215 Физическое описание __
a Объем 55 c.
327 Примечание о содержании 11
a Примечание о содержании Содерж. : Прокофьев С. Мимолетности №№ 11, 15. - Шостакович Д. Охота из музыки к трагедии Шекспира "Гамлет". - Свиридов Г. Военный марш. - Шендерев Г. Полька из сюиты "Узоры луговые". - Наймушин Ю. Прелюдия. - Егоров В. Русский танец. - Павин С. Волжские напевы. - Дудник А. Незатейливая песенка. - Наймушин Ю. Переборы. - Даргомыжский А. Песня без слов. - Не велят Маше на реченьку ходить : рус. нар. песня / обраб. А. Глазунова. - Кольцо души девицы : рус. нар. песня / обраб. М. Панкина. - Череду я брала : рус. нар. песня / обраб. В. Бухвостова. - Мотов В. Вариации на тему русской народной песни "Холсточек". - Вебер К. Оригинальный вальс. - Шопен-Глазунов. Вальс № 7.
461 Уровень набора _0
1 001RU/УОНБ/EK_N/358516066
1 200
a Баян в музыкальном училище
b [Ноты]
v Вып. 13
1 210
d 1970 -
464 Аналитический уровень _0
1 2001
a Мимолетности
e № 11
1 700 1
a Прокофьев
b С.
464 Аналитический уровень _0
1 2001
a Мимолетности
e № 15
1 700 1
a Прокофьев
b С.
464 Аналитический уровень _0
1 2001
a Охота
e из музыки к трагедии Шекспира "Гамлет"
1 700 1
a Шостакович
b Д.
1 50010
a Гамлет
464 Аналитический уровень _0
1 2001
a Военный марш
1 700 1
a Свиридов
b Г.
464 Аналитический уровень _0
1 2001
a Полька из сюиты "Узоры луговые"
1 700 1
a Шендерев
b Г.
1 50010
a Узоры луговые
464 Аналитический уровень _0
1 2001
a Прелюдия
1 700 1
a Наймушин
b Ю.
464 Аналитический уровень _0
1 2001
a Русский танец
1 700 1
a Егоров
b В.
464 Аналитический уровень _0
1 2001
a Волжские напевы
1 700 1
a Павин
b С.
464 Аналитический уровень _0
1 2001
a Незатейливая песенка
1 700 1
a Дудник
b А.
464 Аналитический уровень _0
1 2001
a Переборы
1 700 1
a Наймушин
b Ю.
464 Аналитический уровень _0
1 2001
a Песня без слов
1 700 1
a Даргомыжский
b А.
464 Аналитический уровень _0
1 2001
a Не велят Маше на реченьку ходить
e рус. нар. песня
1 702 1
a Глазунов
b А.
4 030
464 Аналитический уровень _0
1 2001
a Кольцо души девицы
e рус. нар. песня
1 702 1
a Панкин
b М.
464 Аналитический уровень _0
1 2001
a Череду я брала
e рус. нар. песня
1 702 1
a Бухвостов
b В.
464 Аналитический уровень _0
1 2001
a Вариации на тему русской народной песни "Холсточек"
1 700 1
a Мотов
b В.
1 50010
a Холсточек
464 Аналитический уровень _0
1 2001
a Оригинальный вальс
1 700 1
a Вебер
b К.
464 Аналитический уровень _0
1 2001
a Вальс № 7
1 700 1
a Шопен-Глазунов
512 Заглавие обложки 1_
a Заглавие обложки Баян в музыкальном училище
606 Тематические рубрики 0_
a Основная рубрика Баян
x Основная подрубрика Педагогический репертуар музыкальных училищ
x Основная подрубрика Переложения для баяна
x Основная подрубрика Русские народные песни
610 Ключевые слова 0_
a Ключевые слова баян
610 Ключевые слова 0_
a Ключевые слова танцы
610 Ключевые слова 0_
a Ключевые слова русские народные песни
610 Ключевые слова 0_
a Ключевые слова педагогический репертуар музыкальных училищ
686 Индексы других классификаций __
a Классификационный индекс 85.954.69я43
2 Код системы rubbk
702 Вторичная интеллектуальная ответственность _1
a Фамилия Бухвостов
b Имя (инициалы) В.
4 Код отношения 220
801 Источник записи _0
a Страна RU
b Организация Ульяновская ОНБ
c Дата составления 20141113
g Правила каталогизации RCR
801 Источник записи _1
a Страна RU
b Организация IS
c Дата составления 20141113
g Правила каталогизации RCR
901 Тип документа __
t Тип документа n
w Контрольный № источника RU/УОНБ/EK_N/358516066
909 Создатель записи __
a Создатель записи Никитина Т. А.
910 Корректоры записи __
a Корректор записи Васина
938 Служебная информация __
a Имя БД noti
b Имя библиотеки УОНБ
c Имя АИБС МАРК-SQL
d Номер DOC_ID в БД 8827